Los Piojos - Todas sus canciones - Estadísticas

Estadísticas generales
  • Esta prueba ha sido intentada 74 veces
  • La puntuación promedio es 71 de 100
Estadísticas de respuestas
Disco Cancion % Correcto
3 Ay Ay Ay
97%
2 Chac Tu Chac
97%
13 Verano del 92
97%
3 El Farolito
94%
3 Tan Solo
94%
3 Como Alí
90%
4 Pistolas
90%
8 Ruleta
90%
2 Babilonia
87%
4 Bicho de Ciudad
87%
3 Civilización
87%
5 Desde Lejos No Se Ve
87%
5 Los Mocosos
87%
2 Taxi Boy
87%
4 Vine Hasta Aquí
87%
1 Arco
84%
13 Arco II
84%
12 Canción de Cuna
84%
2 El Balneario de los Doctores Crotos
84%
10 Marado
84%
1 María y José
84%
12 Te Diría
84%
9 Agua
81%
11 Cruel
81%
3 Luz de Marfil
81%
9 Morella
81%
8 Yira Yira
81%
8 Ando Ganas (Llora Llora)
77%
4 Cancheros
77%
16 Finale
77%
9 Intro Marado
77%
4 Langostas
77%
14 San Jauretche
77%
8 Todo Pasa
77%
7 Ximenita
77%
7 Don't Say Tomorrow
74%
1 Esquina Libertad
74%
5 Globalización
74%
2 Labios de Seda
74%
1 Llévatelo
74%
2 Pacífico
74%
7 Reggae Rojo y Negro
74%
7 Blues del Traje Gris
71%
13 Buenos Días Palomar
71%
6 Fijate
71%
9 Fumigator
71%
3 Genius
71%
11 Gris
71%
13 Merecido
71%
12 Muévelo
71%
6 Sucio Can
71%
5 Sudestada
71%
1 Vals Inicial
71%
8 Amor de Perros
68%
1 Fantasma
68%
11 Go Negro Go
68%
10 La Luna y la Cabra
68%
6 Manise
68%
1 Manjar
68%
10 Muy Despacito
68%
9 Pega Pega
68%
4 Shup Shup
68%
7 Entrando en Tu Ciudad
65%
6 Motumbo
65%
14 Murguita
65%
6 Que Decís
65%
13 Quemado
65%
10 Siempre Bajando
65%
8 Un Buen Día
65%
5 Al Atardecer
61%
5 Angelito
61%
7 Difícil
61%
7 El Rey del Blues
61%
2 Guadalupe
61%
13 No Parés
61%
15 Olvidate
61%
5 Pollo Viejo
61%
10 Unbekannt
61%
12 Uoh Pa Pa Pa
61%
8 Y Quemás
61%
Chac Tu Chac 1992
58%
Ay Ay Ay 1994
58%
3er Arco 1996
58%
Azul 1998
58%
Verde Paisaje del Infierno 2000
58%
Máquina de Sangre 2003
58%
Civilización 2007
58%
11 Al Desierto
58%
6 A Veces
58%
10 Dientes de Cordero
58%
12 Mi Babe
58%
11 Media Caña
55%
4 A Ver Cuando
52%
9 Basta de Penas
52%
10 Buenos Tiempos
52%
11 Es Sentir
52%
11 Salitral
52%
9 Solo y en Paz
52%
6 Cruces y Flores
48%
12 Hoy es Hoy
48%
No se encontraron pruebas coincidentes
Distribución de puntuación
Porcentaje de gente con cada puntuación
Porcentaje por número respondido
Historial de tus puntuaciones
No has intentado esta prueba.